000
00311nam a22001337a 4500
008
181029b xxu||||| |||| 00| 0 eng d
020
_a
9780314599964
041
_a
eng
080
_a
311
100
_a
51
101
_a
STA
245
_a
Statistics for the Behavioral Sciences
_c
Gravetter F,J
942
_2
udc
_c
BK
999
_c
51041
_d
51041